000 00288nam a22001337a 4500
008 170731b xxu||||| |||| 00| 0 eng d
020 _a0201106868
041 _aeng
080 _a004
100 _a32
101 _aSHK
245 _aBUILDING EXPERT SYSTEMS
_cROTH,F.H
942 _2udc
_cBK
999 _c22251
_d22251